[Event "Girls U14 Polish Youth Championship"]
[Site "chess24.com"]
[Date "2018.04.30"]
[Round "2"]
[White "Anyz, Monika"]
[Black "Marcinczyk, Monika"]
[Result "0-1"]
[Board "16"]
[WhiteElo "1349"]
[WhiteCountry "POL"]
[WhiteFideId "21816530"]
[WhiteEloChange "-2"]
[BlackElo "1804"]
[BlackTitle "WCM"]
[BlackCountry "POL"]
[BlackFideId "1192051"]
[BlackEloChange "2"]

1. e4 {[%clk 1:30:57]} c5 {[%clk 1:30:55]} 2. Nc3 {[%clk 1:31:17]} Nc6 {[%clk
1:31:09]} 3. Nge2 {[%clk 1:31:24]} g6 {[%clk 1:30:27]} 4. d4 {[%clk 1:31:19]}
cxd4 {[%clk 1:30:48]} 5. Nxd4 {[%clk 1:31:30]} Bg7 {[%clk 1:30:57]} 6. Be3 {[%clk
1:31:17]} Nf6 {[%clk 1:31:10]} 7. Bc4 {[%clk 1:30:40]} Qa5 {[%clk 1:30:32]} 8.
Nb3 {[%clk 1:24:00]} Qb4 {[%clk 1:30:18]} 9. Bd5 {[%clk 1:03:47]} Nxe4 {[%clk
1:20:05]} 10. Bxe4 {[%clk 0:55:02]} Bxc3+ {[%clk 1:20:21]} 11. bxc3 {[%clk
0:55:17]} Qxe4 {[%clk 1:20:42]} 12. O-O {[%clk 0:55:29]} Qc4 {[%clk 1:13:54]} 13.
Qd2 {[%clk 0:48:02]} O-O {[%clk 1:06:27]} 14. Rfe1 {[%clk 0:43:59]} d6 {[%clk
1:02:14]} 15. Nd4 {[%clk 0:36:24]} Ne5 {[%clk 0:56:34]} 16. Bf4 {[%clk 0:33:34]}
f6 {[%clk 0:46:14]} 17. h3 {[%clk 0:23:26]} Rd8 {[%clk 0:38:11]} 18. Qe3 {[%clk
0:21:09]} Bd7 {[%clk 0:29:43]} 19. Ne2 {[%clk 0:16:07]} b6 {[%clk 0:24:55]} 20.
a3 {[%clk 0:15:05]} Ba4 {[%clk 0:21:30]} 21. Rec1 {[%clk 0:13:51]} Rac8 {[%clk
0:20:42]} 22. Rab1 {[%clk 0:12:47]} Be8 {[%clk 0:18:51]} 23. Ra1 {[%clk 0:09:58]}
Bf7 {[%clk 0:17:59]} 24. Kh1 {[%clk 0:09:33]} Qc7 {[%clk 0:16:35]} 25. Bg3 {[%clk
0:04:57]} Nc4 {[%clk 0:13:00]} 26. Qd3 {[%clk 0:04:02]} Qd7 {[%clk 0:08:17]} 27.
Rcb1 {[%clk 0:03:36]} Rc5 {[%clk 0:07:32]} 28. Nd4 {[%clk 0:03:22]} Rdc8 {[%clk
0:06:45]} 29. Nb3 {[%clk 0:03:16]} R5c7 {[%clk 0:06:54]} 30. Nd4 {[%clk 0:03:21]}
Na5 {[%clk 0:06:21]} 31. Nb5 {[%clk 0:03:05]} Bc4 {[%clk 0:04:34]} 32. Qd4 {[%clk
0:02:13]} Bxb5 {[%clk 0:04:51]} 33. Qd5+ {[%clk 0:02:32]} Kg7 {[%clk 0:04:49]}
34. Rxb5 {[%clk 0:02:41]} Rxc3 {[%clk 0:04:44]} 35. Re1 {[%clk 0:02:39]} Rxc2
{[%clk 0:03:29]} 36. Kh2 {[%clk 0:02:45]} R2c5 {[%clk 0:03:14]} 37. Rxc5 {[%clk
0:03:07]} Rxc5 {[%clk 0:03:33]} 38. Qe4 {[%clk 0:03:02]} Nc6 {[%clk 0:03:03]} 39.
Qe3 {[%clk 0:02:46]} d5 {[%clk 0:02:16]} 40. Bf4 {[%clk 0:02:06]} d4 {[%clk
0:01:41]} 41. Qd2 {[%clk 0:01:39]} e5 {[%clk 0:01:28]} 42. Bh6+ {[%clk 0:01:37]}
Kf7 {[%clk 0:01:51]} 43. h4 {[%clk 0:01:43]} Qd5 {[%clk 0:01:49]} 44. Qd3 {[%clk
0:01:18]} Rc3 {[%clk 0:01:36]} 45. Qa6 {[%clk 0:01:37]} Qd7 {[%clk 0:01:31]} 46.
Bd2 {[%clk 0:01:50]} Rc5 {[%clk 0:01:07]} 47. Rb1 {[%clk 0:01:30]} e4 {[%clk
0:01:16]} 48. Bb4 {[%clk 0:01:39]} Nxb4 {[%clk 0:01:01]} 49. axb4 {[%clk
0:02:04]} Qc7+ {[%clk 0:01:07]} 50. g3 {[%clk 0:02:38]} Rc2 {[%clk 0:03:28]} 51.
Qf1 {[%clk 0:02:53]} e3 {[%clk 0:03:43]} 52. Kh3 {[%clk 0:02:57]} Rxf2 {[%clk
0:03:55]} 53. Qd1 {[%clk 0:03:12]} Qd7+ {[%clk 0:03:57]} 54. g4 {[%clk 0:03:29]}
Qd5 {[%clk 0:04:09]} 55. Rc1 {[%clk 0:03:33]} Qg2# {[%clk 0:04:33]} 0-1

[Event "Girls U14 Polish Youth Championship"]
[Site "chess24.com"]
[Date "2018.04.30"]
[Round "2"]
[White "Lukasik, Zuzanna"]
[Black "Kulpa, Karolina"]
[Result "1/2-1/2"]
[Board "17"]
[WhiteElo "1568"]
[WhiteCountry "POL"]
[WhiteFideId "21813906"]
[WhiteEloChange "-7"]
[BlackElo "1288"]
[BlackCountry "POL"]
[BlackFideId "21836620"]
[BlackEloChange "7"]

1. e4 {[%clk 1:30:54]} c6 {[%clk 1:30:51]} 2. d4 {[%clk 1:30:24]} d5 {[%clk
1:31:05]} 3. Nc3 {[%clk 1:30:49]} dxe4 {[%clk 1:31:16]} 4. Nxe4 {[%clk 1:31:02]}
Bf5 {[%clk 1:31:27]} 5. Ng3 {[%clk 1:31:22]} Bg6 {[%clk 1:31:37]} 6. Nh3 {[%clk
1:31:20]} e6 {[%clk 1:31:19]} 7. Nf4 {[%clk 1:29:19]} Bd6 {[%clk 1:30:51]} 8. Be2
{[%clk 1:26:54]} Nf6 {[%clk 1:27:23]} 9. Bf3 {[%clk 1:22:52]} Qc7 {[%clk
1:20:12]} 10. Nge2 {[%clk 1:17:48]} Nbd7 {[%clk 1:13:06]} 11. c4 {[%clk 1:15:31]}
e5 {[%clk 1:09:19]} 12. Nxg6 {[%clk 1:15:00]} hxg6 {[%clk 1:09:20]} 13. g3 {[%clk
1:03:32]} exd4 {[%clk 0:56:55]} 14. Qxd4 {[%clk 0:50:02]} Bc5 {[%clk 0:50:24]}
15. Qc3 {[%clk 0:38:38]} Qb6 {[%clk 0:37:40]} 16. Be3 {[%clk 0:36:55]} Bxe3
{[%clk 0:32:00]} 17. fxe3 {[%clk 0:37:02]} O-O-O {[%clk 0:29:37]} 18. O-O-O
{[%clk 0:35:33]} Rhe8 {[%clk 0:27:25]} 19. Nd4 {[%clk 0:25:43]} Ne5 {[%clk
0:21:30]} 20. Rhf1 {[%clk 0:11:23]} Qa6 {[%clk 0:13:57]} 21. Nb5 {[%clk 0:04:15]}
Rxd1+ {[%clk 0:05:03]} 22. Bxd1 {[%clk 0:03:40]} Ne4 {[%clk 0:03:00]} 23. Qc2
{[%clk 0:01:23]} f5 {[%clk 0:01:37]} 24. a3 {[%clk 0:00:34]} Kb8 {[%clk 0:01:07]}
25. Nd4 {[%clk 0:00:40]} Qxc4 {[%clk 0:01:01]} 26. Qxc4 {[%clk 0:00:59]} Nxc4
{[%clk 0:01:20]} 27. Nc2 {[%clk 0:00:38]} Ng5 {[%clk 0:00:35]} 28. Re1 {[%clk
0:00:49]} Nf7 {[%clk 0:00:39]} 29. b3 {[%clk 0:00:54]} Ncd6 {[%clk 0:00:47]} 30.
Kb2 {[%clk 0:00:57]} g5 {[%clk 0:00:55]} 31. Nd4 {[%clk 0:00:41]} f4 {[%clk
0:00:53]} 32. Nc2 {[%clk 0:00:53]} fxe3 {[%clk 0:00:36]} 33. Rxe3 {[%clk
0:01:08]} Rxe3 {[%clk 0:00:54]} 34. Nxe3 {[%clk 0:01:31]} Kc7 {[%clk 0:01:10]}
35. Kc2 {[%clk 0:01:35]} Ne4 {[%clk 0:01:14]} 36. Bf3 {[%clk 0:01:23]} Ned6
{[%clk 0:01:22]} 37. Bg2 {[%clk 0:01:08]} Kd7 {[%clk 0:01:15]} 38. Kd3 {[%clk
0:01:21]} c5 {[%clk 0:01:10]} 39. Bh3+ {[%clk 0:01:04]} Kc6 {[%clk 0:01:15]} 40.
a4 {[%clk 0:01:00]} a6 {[%clk 0:00:59]} 41. Bg2+ {[%clk 0:01:14]} Kc7 {[%clk
0:01:03]} 42. Nd5+ {[%clk 0:01:10]} Kd7 {[%clk 0:01:02]} 43. Bh3+ {[%clk
0:01:04]} Kc6 {[%clk 0:00:47]} 44. Ne7+ {[%clk 0:01:00]} Kc7 {[%clk 0:00:44]} 45.
Nd5+ {[%clk 0:01:21]} Kc6 {[%clk 0:00:36]} 46. Ne7+ {[%clk 0:01:10]} Kc7 {[%clk
0:00:50]} 47. Nd5+ {[%clk 0:01:13]} Kc6 {[%clk 0:00:38]} 48. Bg2 {[%clk 0:01:21]}
Kd7 {[%clk 0:00:47]} 49. Bh3+ {[%clk 0:01:10]} Kc6 {[%clk 0:00:59]} 50. Ne7+
{[%clk 0:01:32]} Kb6 {[%clk 0:00:39]} 51. Nd5+ {[%clk 0:01:36]} Kc6 {[%clk
0:00:40]} 1/2-1/2

[Event "Girls U14 Polish Youth Championship"]
[Site "chess24.com"]
[Date "2018.04.30"]
[Round "2"]
[White "Hals, Emilia"]
[Black "Szczypawka, Aleksandra"]
[Result "0-1"]
[Board "18"]
[WhiteElo "1335"]
[WhiteCountry "POL"]
[WhiteFideId "21816603"]
[WhiteEloChange "-6"]
[BlackElo "1483"]
[BlackCountry "POL"]
[BlackFideId "21816794"]
[BlackEloChange "6"]

1. e4 {[%clk 1:30:57]} e5 {[%clk 1:30:55]} 2. Nf3 {[%clk 1:31:22]} Nc6 {[%clk
1:31:20]} 3. d4 {[%clk 1:31:45]} exd4 {[%clk 1:31:45]} 4. Nxd4 {[%clk 1:32:10]}
Bc5 {[%clk 1:32:10]} 5. Be3 {[%clk 1:32:28]} Qf6 {[%clk 1:32:22]} 6. c3 {[%clk
1:32:50]} Nge7 {[%clk 1:32:28]} 7. g3 {[%clk 1:32:54]} O-O {[%clk 1:30:12]} 8.
Bg2 {[%clk 1:33:00]} Rd8 {[%clk 1:28:12]} 9. Nc2 {[%clk 1:31:15]} Bb6 {[%clk
1:23:57]} 10. Bxb6 {[%clk 1:12:16]} axb6 {[%clk 1:24:11]} 11. Nd4 {[%clk
1:12:14]} d5 {[%clk 1:17:52]} 12. Nxc6 {[%clk 1:06:21]} bxc6 {[%clk 1:16:58]} 13.
O-O {[%clk 1:04:31]} Bb7 {[%clk 1:06:43]} 14. exd5 {[%clk 1:00:25]} cxd5 {[%clk
1:05:34]} 15. Qc2 {[%clk 0:51:17]} h5 {[%clk 0:57:17]} 16. Nd2 {[%clk 0:49:25]}
Bc6 {[%clk 0:55:42]} 17. h4 {[%clk 0:47:27]} Nf5 {[%clk 0:46:36]} 18. Nb3 {[%clk
0:40:58]} Ra4 {[%clk 0:42:52]} 19. Rfd1 {[%clk 0:31:08]} Nxh4 {[%clk 0:24:08]}
20. gxh4 {[%clk 0:25:06]} Rg4 {[%clk 0:24:17]} 21. Rd4 {[%clk 0:23:54]} Rxh4
{[%clk 0:19:33]} 22. Re1 {[%clk 0:16:49]} Rd6 {[%clk 0:18:37]} 23. Re3 {[%clk
0:15:09]} Bd7 {[%clk 0:15:06]} 24. Rxh4 {[%clk 0:12:52]} Qxh4 {[%clk 0:15:23]}
25. Nd4 {[%clk 0:10:34]} Rg6 {[%clk 0:14:18]} 26. Nf5 {[%clk 0:09:41]} Rxg2+
{[%clk 0:11:19]} 27. Kxg2 {[%clk 0:09:11]} Qg4+ {[%clk 0:11:05]} 28. Rg3 {[%clk
0:05:43]} Bxf5 {[%clk 0:09:47]} 29. Rxg4 {[%clk 0:05:24]} Bxc2 {[%clk 0:10:09]}
30. Rg5 {[%clk 0:05:42]} g6 {[%clk 0:10:10]} 31. Kf3 {[%clk 0:05:08]} Be4+ {[%clk
0:09:24]} 32. Ke3 {[%clk 0:05:18]} f6 {[%clk 0:09:07]} 33. Rg1 {[%clk 0:05:35]}
g5 {[%clk 0:08:13]} 34. c4 {[%clk 0:05:16]} c6 {[%clk 0:08:04]} 35. f3 {[%clk
0:05:10]} Bf5 {[%clk 0:08:03]} 36. cxd5 {[%clk 0:05:34]} cxd5 {[%clk 0:08:27]}
37. Kd4 {[%clk 0:05:54]} Be6 {[%clk 0:08:46]} 38. f4 {[%clk 0:04:34]} g4 {[%clk
0:08:52]} 39. f5 {[%clk 0:04:15]} Bxf5 {[%clk 0:09:16]} 40. Kxd5 {[%clk 0:04:39]}
b5 {[%clk 0:06:50]} 41. Kc5 {[%clk 0:04:04]} Bd7 {[%clk 0:06:20]} 42. Kd6 {[%clk
0:03:50]} Bf5 {[%clk 0:05:53]} 43. Kc5 {[%clk 0:02:19]} h4 {[%clk 0:05:56]} 44.
Kxb5 {[%clk 0:02:33]} g3 {[%clk 0:06:21]} 45. Kc4 {[%clk 0:02:05]} Be4 {[%clk
0:06:29]} 46. b4 {[%clk 0:01:49]} g2 {[%clk 0:06:26]} 47. Kd4 {[%clk 0:02:04]} f5
{[%clk 0:06:07]} 48. Ke3 {[%clk 0:01:19]} h3 {[%clk 0:06:22]} 49. Kf2 {[%clk
0:00:52]} f4 {[%clk 0:06:20]} 50. a4 {[%clk 0:00:48]} Kf7 {[%clk 0:06:25]} 51. a5
{[%clk 0:00:49]} h2 {[%clk 0:06:03]} 52. Rxg2 {[%clk 0:00:51]} h1Q {[%clk
0:06:20]} 53. Rg1 {[%clk 0:00:36]} Qh2+ {[%clk 0:06:37]} 54. Ke1 {[%clk 0:00:53]}
Qxg1+ {[%clk 0:06:58]} 55. Kd2 {[%clk 0:01:13]} Qd4+ {[%clk 0:07:18]} 56. Ke2
{[%clk 0:01:30]} Qb2+ {[%clk 0:07:39]} 57. Ke1 {[%clk 0:01:47]} Bd3 {[%clk
0:07:58]} 58. Kd1 {[%clk 0:02:01]} Qe2+ {[%clk 0:08:21]} 59. Kc1 {[%clk 0:02:26]}
Qc2# {[%clk 0:08:45]} 0-1

[Event "Girls U14 Polish Youth Championship"]
[Site "chess24.com"]
[Date "2018.04.30"]
[Round "2"]
[White "Reszka, Zofia"]
[Black "Siekanska, Zuzanna"]
[Result "0-1"]
[Board "19"]
[WhiteElo "1286"]
[WhiteCountry "POL"]
[WhiteFideId "21813930"]
[WhiteEloChange "-6"]
[BlackElo "1434"]
[BlackCountry "POL"]
[BlackFideId "21852537"]
[BlackEloChange "6"]

1. e4 {[%clk 1:30:58]} c5 {[%clk 1:30:51]} 2. Nf3 {[%clk 1:31:21]} e6 {[%clk
1:31:10]} 3. d4 {[%clk 1:31:42]} cxd4 {[%clk 1:31:33]} 4. Nxd4 {[%clk 1:32:00]}
Nf6 {[%clk 1:31:40]} 5. Nc3 {[%clk 1:32:16]} d6 {[%clk 1:31:49]} 6. Be3 {[%clk
1:32:02]} Nc6 {[%clk 1:31:53]} 7. f3 {[%clk 1:31:13]} Be7 {[%clk 1:30:15]} 8. Qd2
{[%clk 1:30:44]} a6 {[%clk 1:29:57]} 9. a4 {[%clk 1:26:14]} O-O {[%clk 1:29:38]}
10. Be2 {[%clk 1:22:59]} Qc7 {[%clk 1:28:00]} 11. g4 {[%clk 1:18:45]} Ne5 {[%clk
1:25:06]} 12. h4 {[%clk 1:15:08]} Nc4 {[%clk 1:23:48]} 13. Bxc4 {[%clk 1:13:23]}
Qxc4 {[%clk 1:24:04]} 14. h5 {[%clk 1:11:46]} Nd7 {[%clk 1:15:07]} 15. g5 {[%clk
1:08:47]} Ne5 {[%clk 1:13:10]} 16. f4 {[%clk 0:54:19]} Qxd4 {[%clk 1:09:46]} 17.
Qxd4 {[%clk 0:51:21]} Nf3+ {[%clk 1:09:45]} 18. Ke2 {[%clk 0:51:01]} Nxd4+ {[%clk
1:10:04]} 19. Bxd4 {[%clk 0:51:11]} e5 {[%clk 1:08:51]} 20. fxe5 {[%clk 0:49:05]}
dxe5 {[%clk 1:09:11]} 21. Bxe5 {[%clk 0:49:21]} Bxg5 {[%clk 1:09:28]} 22. Rag1
{[%clk 0:48:12]} h6 {[%clk 1:07:42]} 23. Nd5 {[%clk 0:38:16]} Be6 {[%clk
1:05:24]} 24. Nf4 {[%clk 0:18:26]} Rac8 {[%clk 1:04:00]} 25. c3 {[%clk 0:12:30]}
Bc4+ {[%clk 1:03:02]} 26. Kf3 {[%clk 0:11:17]} Rfe8 {[%clk 0:58:06]} 27. Bd4
{[%clk 0:10:08]} Rc6 {[%clk 0:53:48]} 28. Nh3 {[%clk 0:08:36]} Bf6 {[%clk
0:52:55]} 29. Bxf6 {[%clk 0:07:36]} Rxf6+ {[%clk 0:53:17]} 30. Ke3 {[%clk
0:07:52]} Rfe6 {[%clk 0:52:14]} 31. Rg4 {[%clk 0:07:33]} f5 {[%clk 0:51:47]} 32.
Rf4 {[%clk 0:06:45]} Rxe4+ {[%clk 0:51:53]} 33. Rxe4 {[%clk 0:07:02]} Rxe4+
{[%clk 0:51:18]} 34. Kf3 {[%clk 0:06:56]} Bb3 {[%clk 0:50:51]} 35. Nf4 {[%clk
0:05:42]} Bxa4 {[%clk 0:49:08]} 36. Rg1 {[%clk 0:05:21]} Bc6 {[%clk 0:49:12]} 37.
Kg3 {[%clk 0:04:28]} Re3+ {[%clk 0:48:45]} 38. Kh2 {[%clk 0:03:40]} Re4 {[%clk
0:47:29]} 39. Rf1 {[%clk 0:03:32]} Kf7 {[%clk 0:46:52]} 40. Nd3 {[%clk 0:02:31]}
Re2+ {[%clk 0:46:13]} 41. Rf2 {[%clk 0:01:38]} Rxf2+ {[%clk 0:46:07]} 42. Nxf2
{[%clk 0:01:59]} Bf3 {[%clk 0:46:25]} 43. Kg3 {[%clk 0:02:19]} Bxh5 {[%clk
0:46:43]} 44. Kf4 {[%clk 0:02:37]} Kf6 {[%clk 0:46:52]} 45. Nd3 {[%clk 0:02:57]}
g5+ {[%clk 0:47:06]} 46. Kg3 {[%clk 0:03:12]} f4+ {[%clk 0:46:56]} 47. Kf2 {[%clk
0:03:29]} Kf5 {[%clk 0:47:17]} 48. Nc5 {[%clk 0:03:25]} Be8 {[%clk 0:47:25]} 49.
Nxb7 {[%clk 0:03:32]} Bc6 {[%clk 0:46:24]} 50. Nc5 {[%clk 0:03:52]} Bb5 {[%clk
0:46:39]} 51. b3 {[%clk 0:04:07]} g4 {[%clk 0:46:46]} 52. c4 {[%clk 0:04:19]} g3+
{[%clk 0:47:08]} 53. Kf3 {[%clk 0:04:07]} Bc6+ {[%clk 0:47:26]} 54. Ke2 {[%clk
0:04:16]} f3+ {[%clk 0:47:22]} 55. Kf1 {[%clk 0:04:27]} a5 {[%clk 0:47:16]} 56.
Nd3 {[%clk 0:04:37]} Ke4 {[%clk 0:46:55]} 57. Ne1 {[%clk 0:04:43]} h5 {[%clk
0:45:55]} 58. Nc2 {[%clk 0:04:44]} h4 {[%clk 0:46:13]} 59. Na3 {[%clk 0:04:40]}
h3 {[%clk 0:46:34]} 60. Nb5 {[%clk 0:04:48]} Ke3 {[%clk 0:46:28]} 61. Ke1 {[%clk
0:04:54]} f2+ {[%clk 0:46:46]} 62. Kd1 {[%clk 0:04:59]} f1Q+ {[%clk 0:46:49]} 63.
Kc2 {[%clk 0:05:19]} Bxb5 {[%clk 0:46:56]} 64. cxb5 {[%clk 0:05:36]} Qxb5 {[%clk
0:47:10]} 65. Kb2 {[%clk 0:05:58]} a4 {[%clk 0:47:32]} 66. Kc1 {[%clk 0:06:18]}
Qe2 {[%clk 0:47:37]} 67. Kb1 {[%clk 0:06:37]} axb3 {[%clk 0:47:45]} 68. Kc1
{[%clk 0:07:00]} Qc2# {[%clk 0:48:04]} 0-1

[Event "Girls U14 Polish Youth Championship"]
[Site "chess24.com"]
[Date "2018.04.30"]
[Round "2"]
[White "Mucha, Marta"]
[Black "Szewczyk, Malwina"]
[Result "1/2-1/2"]
[Board "20"]
[WhiteElo "1432"]
[WhiteCountry "POL"]
[WhiteFideId "1195123"]
[WhiteEloChange "-5"]
[BlackElo "1257"]
[BlackCountry "POL"]
[BlackFideId "21801649"]
[BlackEloChange "5"]

1. d4 {[%clk 1:30:53]} Nf6 {[%clk 1:29:44]} 2. Nf3 {[%clk 1:31:03]} g6 {[%clk
1:29:34]} 3. e3 {[%clk 1:30:53]} Bg7 {[%clk 1:29:17]} 4. Be2 {[%clk 1:30:11]} d5
{[%clk 1:20:22]} 5. c4 {[%clk 1:28:08]} c5 {[%clk 1:14:35]} 6. O-O {[%clk
1:26:09]} O-O {[%clk 1:10:47]} 7. Nc3 {[%clk 1:23:29]} cxd4 {[%clk 1:08:41]} 8.
Nxd4 {[%clk 1:22:33]} e5 {[%clk 1:08:24]} 9. Nf3 {[%clk 1:22:13]} e4 {[%clk
1:08:36]} 10. Nd4 {[%clk 1:19:31]} Nc6 {[%clk 1:03:43]} 11. cxd5 {[%clk 1:14:47]}
Nxd5 {[%clk 1:03:20]} 12. Nxc6 {[%clk 1:13:37]} bxc6 {[%clk 1:03:15]} 13. Nxe4
{[%clk 1:12:23]} Rb8 {[%clk 1:00:57]} 14. Qc2 {[%clk 1:08:37]} Bf5 {[%clk
1:00:25]} 15. Bf3 {[%clk 1:03:11]} Re8 {[%clk 1:00:17]} 16. Rd1 {[%clk 0:57:51]}
Qe7 {[%clk 0:59:28]} 17. Qxc6 {[%clk 0:56:24]} Nb4 {[%clk 0:59:45]} 18. Qa4
{[%clk 0:39:24]} Bxe4 {[%clk 0:59:44]} 19. Bxe4 {[%clk 0:39:40]} Qxe4 {[%clk
1:00:06]} 20. Bd2 {[%clk 0:32:41]} Nc6 {[%clk 1:00:01]} 21. Qxe4 {[%clk 0:31:36]}
Rxe4 {[%clk 1:00:28]} 22. Rac1 {[%clk 0:31:43]} Nb4 {[%clk 1:00:02]} 23. Bxb4
{[%clk 0:29:24]} Rexb4 {[%clk 1:00:19]} 24. b3 {[%clk 0:29:42]} a5 {[%clk
1:00:40]} 25. Rc7 {[%clk 0:28:48]} a4 {[%clk 1:00:40]} 26. Rdd7 {[%clk 0:28:38]}
Rf8 {[%clk 1:00:31]} 27. g3 {[%clk 0:28:22]} axb3 {[%clk 1:00:49]} 28. axb3
{[%clk 0:28:44]} Rxb3 {[%clk 1:01:13]} 29. Kg2 {[%clk 0:28:41]} Rb2 {[%clk
1:01:26]} 30. h4 {[%clk 0:28:20]} Rbb8 {[%clk 1:01:18]} 31. Re7 {[%clk 0:27:46]}
Rbe8 {[%clk 1:01:25]} 32. Red7 {[%clk 0:27:32]} Bf6 {[%clk 1:01:23]} 33. Ra7
{[%clk 0:26:35]} h6 {[%clk 1:00:55]} 34. Rab7 {[%clk 0:25:58]} Rd8 {[%clk
1:00:11]} 35. Rdc7 {[%clk 0:23:14]} Be5 {[%clk 1:00:28]} 36. Rc5 {[%clk 0:22:07]}
Bd6 {[%clk 1:00:35]} 37. Rc6 {[%clk 0:22:04]} Be5 {[%clk 1:00:16]} 38. Rc5 {[%clk
0:21:04]} Bg7 {[%clk 1:00:13]} 39. Rcc7 {[%clk 0:20:47]} Rd6 {[%clk 0:59:16]} 40.
Ra7 {[%clk 0:20:19]} Be5 {[%clk 0:59:21]} 41. Re7 {[%clk 0:18:59]} Re6 {[%clk
0:59:08]} 42. Red7 {[%clk 0:18:23]} Bd6 {[%clk 0:59:03]} 43. Ra6 {[%clk 0:16:48]}
Bc5 {[%clk 0:58:54]} 44. Ra5 {[%clk 0:16:35]} Bxe3 {[%clk 0:58:25]} 45. fxe3
{[%clk 0:16:43]} Rxe3 {[%clk 0:58:50]} 46. Raa7 {[%clk 0:16:55]} h5 {[%clk
0:59:05]} 47. Rac7 {[%clk 0:16:11]} Kg7 {[%clk 0:58:50]} 48. Rb7 {[%clk 0:16:06]}
Kf6 {[%clk 0:58:55]} 49. Rb6+ {[%clk 0:16:10]} Re6 {[%clk 0:59:03]} 50. Rb4
{[%clk 0:16:11]} g5 {[%clk 0:58:29]} 51. hxg5+ {[%clk 0:16:23]} Kxg5 {[%clk
0:58:48]} 52. Rd5+ {[%clk 0:15:41]} f5 {[%clk 0:58:54]} 53. Rf4 {[%clk 0:14:58]}
Rh6 {[%clk 0:58:18]} 54. Kh3 {[%clk 0:14:39]} Re6 {[%clk 0:57:32]} 55. Rc4 {[%clk
0:13:39]} Rff6 {[%clk 0:57:38]} 56. Rc8 {[%clk 0:13:15]} Rh6 {[%clk 0:57:01]} 57.
Rg8+ {[%clk 0:13:24]} Reg6 {[%clk 0:56:09]} 58. Rf8 {[%clk 0:13:28]} Rf6 {[%clk
0:56:10]} 59. Rg8+ {[%clk 0:13:22]} Rhg6 {[%clk 0:55:50]} 60. Rh8 {[%clk
0:13:11]} Rh6 {[%clk 0:55:22]} 1/2-1/2

[Event "Girls U14 Polish Youth Championship"]
[Site "chess24.com"]
[Date "2018.04.30"]
[Round "2"]
[White "Franek, Diana"]
[Black "Kieca, Aleksandra"]
[Result "1-0"]
[Board "21"]
[WhiteElo "1190"]
[WhiteCountry "POL"]
[WhiteFideId "21856516"]
[WhiteEloChange "16"]
[BlackElo "1427"]
[BlackCountry "POL"]
[BlackFideId "21826102"]
[BlackEloChange "-16"]

1. e4 {[%clk 1:30:59]} c5 {[%clk 1:30:24]} 2. Nf3 {[%clk 1:31:21]} e6 {[%clk
1:30:25]} 3. d4 {[%clk 1:29:18]} cxd4 {[%clk 1:30:34]} 4. Nxd4 {[%clk 1:29:33]}
a6 {[%clk 1:30:45]} 5. Be3 {[%clk 1:25:10]} Nf6 {[%clk 1:28:27]} 6. Nd2 {[%clk
1:20:23]} Qc7 {[%clk 1:25:41]} 7. Bd3 {[%clk 1:15:45]} Be7 {[%clk 1:22:12]} 8. f4
{[%clk 1:09:47]} d6 {[%clk 1:21:46]} 9. f5 {[%clk 1:01:50]} e5 {[%clk 1:17:25]}
10. Ne2 {[%clk 0:58:09]} d5 {[%clk 1:15:20]} 11. Ng3 {[%clk 0:57:32]} Nc6 {[%clk
0:59:58]} 12. Bg5 {[%clk 0:49:55]} d4 {[%clk 0:54:41]} 13. Bxf6 {[%clk 0:49:49]}
Bxf6 {[%clk 0:51:39]} 14. Nh5 {[%clk 0:49:44]} Rg8 {[%clk 0:40:01]} 15. Qg4
{[%clk 0:44:50]} Qe7 {[%clk 0:38:28]} 16. O-O-O {[%clk 0:34:12]} Nb4 {[%clk
0:36:48]} 17. Kb1 {[%clk 0:31:54]} Bd7 {[%clk 0:34:20]} 18. a3 {[%clk 0:32:05]}
Nxd3 {[%clk 0:33:10]} 19. cxd3 {[%clk 0:32:20]} O-O-O {[%clk 0:32:37]} 20. Nc4
{[%clk 0:30:59]} Kb8 {[%clk 0:32:19]} 21. Qe2 {[%clk 0:27:29]} Ba4 {[%clk
0:27:13]} 22. Nxf6 {[%clk 0:24:48]} gxf6 {[%clk 0:26:56]} 23. Rc1 {[%clk
0:25:08]} Ka7 {[%clk 0:26:27]} 24. g3 {[%clk 0:24:42]} Rc8 {[%clk 0:25:48]} 25.
Qd2 {[%clk 0:24:22]} b6 {[%clk 0:24:19]} 26. Qb4 {[%clk 0:24:03]} Qxb4 {[%clk
0:23:58]} 27. axb4 {[%clk 0:24:29]} Rgd8 {[%clk 0:23:45]} 28. Nd2 {[%clk
0:24:23]} Bb5 {[%clk 0:23:28]} 29. Nc4 {[%clk 0:23:39]} Rc6 {[%clk 0:20:13]} 30.
b3 {[%clk 0:23:18]} Rdc8 {[%clk 0:19:14]} 31. Kc2 {[%clk 0:21:18]} Kb7 {[%clk
0:13:34]} 32. Kd2 {[%clk 0:21:37]} Kc7 {[%clk 0:12:04]} 33. Na3 {[%clk 0:19:19]}
Kd7 {[%clk 0:11:41]} 34. Nxb5 {[%clk 0:19:05]} axb5 {[%clk 0:11:51]} 35. Rxc6
{[%clk 0:19:08]} Rxc6 {[%clk 0:12:03]} 36. Rc1 {[%clk 0:18:27]} Rd6 {[%clk
0:12:09]} 37. Ra1 {[%clk 0:18:45]} Rc6 {[%clk 0:11:16]} 38. Rc1 {[%clk 0:18:59]}
Rd6 {[%clk 0:10:14]} 39. g4 {[%clk 0:19:13]} h6 {[%clk 0:07:50]} 40. Ke2 {[%clk
0:19:09]} Rc6 {[%clk 0:06:30]} 41. Rxc6 {[%clk 0:18:25]} Kxc6 {[%clk 0:06:56]}
42. Kf3 {[%clk 0:18:38]} Kd7 {[%clk 0:07:20]} 43. Kg3 {[%clk 0:19:01]} Ke8 {[%clk
0:07:44]} 44. Kh4 {[%clk 0:19:17]} Kf8 {[%clk 0:08:08]} 45. Kh5 {[%clk 0:18:50]}
Kg7 {[%clk 0:08:28]} 46. h4 {[%clk 0:16:35]} Kh7 {[%clk 0:08:11]} 47. g5 {[%clk
0:16:45]} hxg5 {[%clk 0:07:57]} 48. hxg5 {[%clk 0:17:02]} fxg5 {[%clk 0:05:51]}
49. Kxg5 {[%clk 0:17:26]} Kg7 {[%clk 0:06:07]} 50. f6+ {[%clk 0:17:45]} Kh7
{[%clk 0:05:10]} 51. Kf5 {[%clk 0:17:20]} Kh6 {[%clk 0:05:27]} 52. Kxe5 {[%clk
0:17:06]} Kg5 {[%clk 0:05:40]} 53. Kxd4 {[%clk 0:17:01]} Kxf6 {[%clk 0:05:47]}
54. Kd5 {[%clk 0:16:54]} Ke7 {[%clk 0:03:26]} 55. Kc6 {[%clk 0:17:00]} Ke6 {[%clk
0:03:37]} 56. d4 {[%clk 0:17:11]} f6 {[%clk 0:03:21]} 57. d5+ {[%clk 0:17:15]}
Ke5 {[%clk 0:03:34]} 58. d6 {[%clk 0:17:12]} Kxe4 {[%clk 0:03:54]} 59. d7 {[%clk
0:17:39]} f5 {[%clk 0:04:15]} 60. d8Q {[%clk 0:17:56]} f4 {[%clk 0:04:29]} 61.
Qd5+ {[%clk 0:18:05]} Ke3 {[%clk 0:04:50]} 62. Qxb5 {[%clk 0:17:52]} f3 {[%clk
0:05:03]} 63. Qxb6+ {[%clk 0:18:03]} Ke2 {[%clk 0:05:24]} 64. b5 {[%clk 0:18:07]}
f2 {[%clk 0:05:41]} 65. Qxf2+ {[%clk 0:18:28]} Kxf2 {[%clk 0:06:07]} 66. b6
{[%clk 0:18:49]} 1-0